[Event "C.to Italiano Semifinale"]
[Site "Saint Vincent - Chatillon ITA"]
[Date "2008.07.27"]
[Round "9"]
[White "Frugoli, Francesco"]
[Black "Pepino, Enrico"]
[Result "1/2-1/2"]
[WhiteElo "2163"]
[BlackElo "2119"]
[PlyCount "133"]
[EventDate "2008.07.19"]

1. d4 d6 2. e4 Nf6 3. Nc3 g6 4. f4 Bg7 5. Nf3 O-O 6. Bd3 Na6 7. O-O c5 8. d5
Bg4 9. h3 Bxf3 10. Qxf3 Nb4 11. a3 Nxd3 12. Qxd3 Rb8 13. a4 b6 14. Bd2 Qc8 15.
Rae1 c4 16. Qf3 Nd7 17. Kh1 a6 18. Qg3 Qc7 19. f5 Ne5 20. Bg5 b5 21. axb5 axb5
22. fxg6 hxg6 23. Qh4 Rb7 24. Rf2 b4 25. Ne2 b3 26. Nc3 bxc2 27. Rxc2 Nd3 28.
Ree2 Nxb2 29. Rxb2 Rxb2 30. Rxb2 Bxc3 31. Rb1 Re8 32. Qf2 Bg7 33. Rf1 Rf8 34.
Qh4 Re8 35. Qf2 e6 36. dxe6 Rxe6 37. Qf3 Re8 38. h4 c3 39. h5 gxh5 40. Bc1 Qc4
41. Re1 d5 42. Rf1 dxe4 43. Qf4 c2 44. Re1 Re6 45. Qb8+ Kh7 46. Qg3 Rf6 47. Kg1
Rg6 48. Qh4 Bd4+ 49. Kh1 e3 50. Qe4 Qc6 51. Qxc6 Rxc6 52. Kh2 Rg6 53. Kh3 Rg4
54. Re2 Re4 55. Kg3 f5 56. Kf3 h4 57. Rxc2 Rg4 58. Re2 Kg6 59. Bxe3 Bxe3 60.
Rxe3 Kg5 61. Kf2 Rf4+ 62. Kg1 Ra4 63. Kh2 Kg4 64. Re8 Kf4 65. Rh8 Ke3 66. Kh3
Kf2 67. Rxh4 1/2-1/2

[Event "C.to Italiano Semifinale"]
[Site "Saint Vincent - Chatillon ITA"]
[Date "2008.07.27"]
[Round "9"]
[White "Landi, Andrea"]
[Black "Roversi, Stefano"]
[Result "0-1"]
[WhiteElo "1837"]
[BlackElo "1840"]
[PlyCount "96"]
[EventDate "2008.07.19"]

1. d4 Nf6 2. Nf3 d6 3. Bf4 g6 4. Nc3 Bg7 5. e4 O-O 6. Qd2 c5 7. Be2 cxd4 8.
Nxd4 Nc6 9. Nxc6 bxc6 10. O-O Rb8 11. Rab1 Qa5 12. Bh6 Rd8 13. Bxg7 Kxg7 14.
Kh1 Be6 15. b3 Qb4 16. f3 d5 17. e5 Nd7 18. f4 Nc5 19. Rbd1 d4 20. Nb1 Qxd2 21.
Rxd2 Ne4 22. Rdd1 c5 23. Bd3 Bd5 24. Rde1 Nc3 25. Nxc3 dxc3 26. Kg1 a5 27. Rb1
Rb4 28. a4 Bxb3 29. Rxb3 Rxb3 30. cxb3 Rxd3 31. Rc1 f5 32. Rc2 Kf7 33. Kf2 Ke6
34. Ke2 Rd4 35. Rxc3 Rxf4 36. Rxc5 Re4+ 37. Kd3 Rxe5 38. Rc8 f4 39. Kd4 Re3 40.
Rb8 Re2 41. Rf8 g5 42. Rh8 Rxg2 43. Rxh7 f3 44. Rh3 g4 45. Rh6+ Kd7 46. Ra6 f2
47. Ra7+ Ke6 48. Ra6+ Kf7 0-1

[Event "C.to Italiano Semifinale"]
[Site "Saint Vincent - Chatillon ITA"]
[Date "2008.07.27"]
[Round "9"]
[White "Lombardi, Mariano"]
[Black "Caprio, Guido"]
[Result "1/2-1/2"]
[WhiteElo "1928"]
[BlackElo "2188"]
[PlyCount "74"]
[EventDate "2008.07.19"]

1. e4 c5 2. Nf3 d6 3. d4 cxd4 4. Nxd4 Nf6 5. Nc3 g6 6. f3 Bg7 7. Be3 Nc6 8. Qd2
O-O 9. Bc4 Bd7 10. O-O-O Rc8 11. Bb3 Ne5 12. g4 b5 13. g5 b4 14. Nce2 Nh5 15.
Ng3 Nc4 16. Bxc4 Rxc4 17. Nxh5 gxh5 18. f4 Qa8 19. Qg2 Rfc8 20. Rd2 e5 21. fxe5
dxe5 22. Nf5 Bxf5 23. exf5 Rxc2+ 24. Rxc2 Rxc2+ 25. Qxc2 Qxh1+ 26. Qd1 Qxd1+
27. Kxd1 e4 28. f6 Bf8 29. Ke2 Bd6 30. h3 a6 31. Bd4 Bf4 32. Be3 Be5 33. b3 h6
34. gxh6 Bxf6 35. Bc5 Bc3 36. Ke3 f5 37. Kf4 Kh7 1/2-1/2

[Event "C.to Italiano Semifinale"]
[Site "Saint Vincent - Chatillon ITA"]
[Date "2008.07.27"]
[Round "9"]
[White "Martorelli, Antonio"]
[Black "Bentivegna, Francesco"]
[Result "0-1"]
[WhiteElo "2240"]
[BlackElo "2329"]
[PlyCount "113"]
[EventDate "2008.07.19"]

1. e4 e5 2. Nf3 Nc6 3. Bc4 Nf6 4. Ng5 d5 5. exd5 Na5 6. Bb5+ c6 7. dxc6 bxc6 8.
Be2 h6 9. Nf3 e4 10. Ne5 Bc5 11. c3 Bd6 12. f4 exf3 13. Nxf3 O-O 14. d4 Qc7 15.
O-O c5 16. Na3 a6 17. Bd2 Rb8 18. b4 cxb4 19. cxb4 Bxb4 20. Bxb4 Rxb4 21. Qd2
Ra4 22. Rfc1 Qd6 23. Nc4 Nxc4 24. Bxc4 Be6 25. Bxe6 Qxe6 26. Qc2 Ra3 27. Re1
Qg4 28. h3 Qf4 29. Rac1 Rb8 30. Rb1 Rxb1 31. Rxb1 Ne4 32. Rb3 Rxb3 33. Qxb3 g5
34. Qa4 h5 35. Qe8+ Kg7 36. a3 Nd6 37. Qe7 g4 38. hxg4 hxg4 39. Qe5+ Qxe5 40.
Nxe5 f5 41. Kf2 Kf6 42. Nd7+ Kg5 43. Nc5 a5 44. a4 f4 45. Nb3 Nc4 46. Nc5 Kf5
47. Ke2 Nb6 48. Nb3 Nxa4 49. Nxa5 Ke4 50. Nb3 Nc3+ 51. Kd2 Nd5 52. Ke2 Ne3 53.
Kf2 Nd1+ 54. Ke2 Ne3 55. g3 f3+ 56. Kf2 Nd1+ 57. Ke1 {...} 0-1

[Event "C.to Italiano Semifinale"]
[Site "Saint Vincent - Chatillon ITA"]
[Date "2008.07.27"]
[Round "9"]
[White "Piscopo, Pierluigi"]
[Black "Brancaleoni, Maurizio"]
[Result "1/2-1/2"]
[WhiteElo "2389"]
[BlackElo "2251"]
[PlyCount "84"]
[EventDate "2008.07.19"]

1. e4 c5 2. Nf3 Nc6 3. Bb5 g6 4. Bxc6 bxc6 5. O-O Bg7 6. Re1 Nh6 7. Nc3 e5 8.
d3 d6 9. Bd2 f6 10. a3 a5 11. Na4 O-O 12. c3 Be6 13. b3 Qb8 14. Rb1 Qb5 15. c4
Qa6 16. Nc3 Nf7 17. b4 axb4 18. axb4 cxb4 19. Rxb4 Rfb8 20. Rxb8+ Rxb8 21. h3
f5 22. Qc2 Bf6 23. exf5 gxf5 24. Ne2 Re8 25. Ng3 Bh8 26. Bc3 c5 27. Qd2 Qb7 28.
Ra1 h6 29. Nh4 f4 30. Ne4 Kh7 31. Qe2 Rg8 32. Kh2 Qe7 33. Nf3 Bf6 34. Nfd2 Bg7
35. Qh5 Bf8 36. Nf3 Rg6 37. Nh4 Rg8 38. Nf5 Bxf5 39. Qxf5+ Rg6 40. Ra8 Bg7 41.
Qc8 Bh8 42. Qf5 Bg7 1/2-1/2

[Event "C.to Italiano Semifinale"]
[Site "Saint Vincent - Chatillon ITA"]
[Date "2008.07.27"]
[Round "9"]
[White "Rettore, Ludwig"]
[Black "Borgiani, Flavio"]
[Result "0-1"]
[WhiteElo "2230"]
[BlackElo "2215"]
[PlyCount "56"]
[EventDate "2008.07.19"]

1. d4 d6 2. e4 f5 3. exf5 Bxf5 4. Bd3 Qd7 5. Nf3 Nf6 6. O-O Nc6 7. Bb5 a6 8.
Ba4 b5 9. Bb3 Bg4 10. h3 Bh5 11. Re1 d5 12. c3 O-O-O 13. a4 b4 14. Qd3 Kb7 15.
a5 Bxf3 16. Qxf3 e5 17. dxe5 Ne4 18. Bf4 Bc5 19. Rxe4 dxe4 20. Qxe4 Qd3 21. Nd2
Rhf8 22. Bc2 Bxf2+ 23. Kxf2 Qxd2+ 24. Kg3 Rxf4 25. Qxf4 Qxc2 26. e6 Qg6+ 27.
Qg4 Rd3+ 28. Kf4 Qh6+ 0-1

[Event "C.to Italiano Semifinale"]
[Site "Saint Vincent - Chatillon ITA"]
[Date "2008.07.27"]
[Round "9"]
[White "Rombaldoni, Axel"]
[Black "Genocchio, Daniele"]
[Result "0-1"]
[WhiteElo "2374"]
[BlackElo "2420"]
[PlyCount "84"]
[EventDate "2008.07.19"]

1. e4 e5 2. Nf3 Nc6 3. Bb5 Nf6 4. d3 Bc5 5. O-O Nd4 6. Nxd4 Bxd4 7. c3 Bb6 8.
Kh1 c6 9. Ba4 d6 10. Qe1 Nh5 11. Bd1 Qh4 12. Nd2 g6 13. a4 f5 14. exf5 Bxf5 15.
a5 Bc7 16. Ne4 Bxe4 17. Qxe4 Qxe4 18. dxe4 Nf4 19. Bc2 Rf8 20. g3 Ne6 21. f4
exf4 22. gxf4 O-O-O 23. f5 gxf5 24. exf5 d5 25. Bh6 Rf6 26. Bd2 Rdf8 27. Rf3 h6
28. a6 bxa6 29. Rxa6 Bb6 30. Ra1 Ng5 31. Bxg5 hxg5 32. Re1 Rh6 33. Re2 Bc7 34.
Rff2 g4 35. Kg1 Bb6 36. Kg2 Rfh8 37. Kf1 g3 38. hxg3 Rh1+ 39. Kg2 R1h2+ 40. Kf3
Rxf2+ 41. Rxf2 Bxf2 42. f6 Kd8 0-1

[Event "C.to Italiano Semifinale"]
[Site "Saint Vincent - Chatillon ITA"]
[Date "2008.07.27"]
[Round "9"]
[White "Rombaldoni, Denis"]
[Black "Dvirnyy, Danyyil"]
[Result "1/2-1/2"]
[WhiteElo "2418"]
[BlackElo "2358"]
[PlyCount "20"]
[EventDate "2008.07.19"]

1. d4 Nf6 2. Nf3 e6 3. e3 b6 4. Bd3 Bb7 5. O-O Be7 6. c4 c5 7. Nc3 O-O 8. b3
cxd4 9. exd4 d6 10. Bb2 Nbd7 1/2-1/2

[Event "C.to Italiano Semifinale"]
[Site "Saint Vincent - Chatillon ITA"]
[Date "2008.07.27"]
[Round "9"]
[White "Rorato, Giovanni Riccardo"]
[Black "Sbarra, Marco"]
[Result "1/2-1/2"]
[WhiteElo "2065"]
[BlackElo "2236"]
[PlyCount "149"]
[EventDate "2008.07.19"]

1. e4 e5 2. Nf3 Nc6 3. Bb5 a6 4. Bxc6 dxc6 5. O-O Qf6 6. d3 h6 7. Be3 Be6 8.
Nbd2 c5 9. a3 b6 10. c3 Bd6 11. b4 cxb4 12. axb4 Ne7 13. d4 Ng6 14. Qe2 O-O 15.
d5 Bc8 16. Rfb1 Qe7 17. Ne1 f5 18. f3 Nf4 19. Bxf4 exf4 20. Nd3 fxe4 21. Nxe4
Bf5 22. c4 Be5 23. Nxe5 Qxe5 24. Rd1 Rfe8 25. c5 bxc5 26. bxc5 Bxe4 27. Qxe4
Qxe4 28. fxe4 Rxe4 29. d6 cxd6 30. cxd6 Rd8 31. Rxa6 Rd7 32. Rc6 Kf7 33. Kf2
Ke6 34. Rc7 g5 35. Rxd7 Kxd7 36. g3 fxg3+ 37. hxg3 Re6 38. g4 Rxd6 39. Rh1 Rf6+
40. Kg3 Ke6 41. Re1+ Kd5 42. Re8 Re6 43. Rd8+ Ke4 44. Rd1 Ra6 45. Re1+ Kd4 46.
Rb1 Ra3+ 47. Kg2 Ke4 48. Rf1 Re3 49. Rf2 Rb3 50. Rf1 Rb6 51. Kg3 Ke3 52. Re1+
Kd2 53. Re8 Rb3+ 54. Kg2 Re3 55. Rh8 Re2+ 56. Kg3 Re6 57. Rf8 Ke1 58. Rf7 Ke2
59. Rf2+ Ke3 60. Rf1 Ke4 61. Re1+ Kd5 62. Rh1 Ke5 63. Rf1 Rf6 64. Re1+ Kd6 65.
Re2 Re6 66. Rd2+ Ke7 67. Rf2 Rf6 68. Re2+ Kf7 69. Re1 Kg7 70. Rh1 Kg6 71. Rh5
Rf1 72. Rh2 Rg1+ 73. Kf3 Ra1 74. Rh5 Rd1 75. Kg2 1/2-1/2

[Event "C.to Italiano Semifinale"]
[Site "Saint Vincent - Chatillon ITA"]
[Date "2008.07.27"]
[Round "9"]
[White "Sarno, Spartaco"]
[Black "Vezzosi, Paolo"]
[Result "1/2-1/2"]
[WhiteElo "2329"]
[BlackElo "2352"]
[PlyCount "147"]
[EventDate "2008.07.19"]

1. d4 Nf6 2. c4 e6 3. Nf3 b6 4. g3 Bb7 5. Bg2 Be7 6. O-O O-O 7. Nc3 Ne4 8. Bd2
f5 9. Rc1 Bf6 10. h4 Na6 11. d5 Nac5 12. b4 Bxc3 13. Bxc3 Nxc3 14. Rxc3 Ne4 15.
Rd3 exd5 16. cxd5 a5 17. b5 f4 18. Rd4 Nd6 19. Qd3 fxg3 20. fxg3 Qe7 21. Ng5
Rxf1+ 22. Bxf1 g6 23. Rf4 Re8 24. e4 h6 25. Nh3 Nf7 26. Nf2 Ne5 27. Qb3 d6 28.
Bh3 Bc8 29. Bxc8 Rxc8 30. Kg2 Rf8 31. Qc3 g5 32. hxg5 hxg5 33. Rxf8+ Kxf8 34.
Ng4 Ng6 35. Qf3+ Qf7 36. Qe3 Qe7 37. Qf3+ Kg7 38. Qf5 Nh8 39. e5 dxe5 40. Nxe5
Qd8 41. Nc6 Qf6 42. Qd7+ Nf7 43. Qxc7 Qb2+ 44. Kh3 Qxb5 45. Nd8 Qxd5 46. Nxf7
Qf5+ 47. g4 Qf3+ 48. Kh2 Qxf7 49. Qxb6 Qxa2+ 50. Kg3 Qd5 51. Qc7+ Kf6 52. Qb6+
Ke7 53. Qc7+ Ke6 54. Qc8+ Ke5 55. Qh8+ Ke4 56. Qh1+ Kd4 57. Qa1+ Kd3 58. Qd1+
Kc4 59. Qc1+ Kb5 60. Qb1+ Kc6 61. Qc2+ Qc5 62. Qe4+ Qd5 63. Qc2+ Qc5 64. Qe4+
Kb5 65. Qb1+ Ka4 66. Qd1+ Kb5 67. Qb1+ Kc6 68. Qe4+ Qd5 69. Qc2+ Kb5 70. Qb1+
Ka4 71. Qa1+ Kb3 72. Qb1+ Kc3 73. Qc1+ Kb4 74. Qe1+ 1/2-1/2

[Event "C.to Italiano Semifinale"]
[Site "Saint Vincent - Chatillon ITA"]
[Date "2008.07.27"]
[Round "9"]
[White "Tocco, Paolo"]
[Black "Puzzoni, Christian"]
[Result "0-1"]
[WhiteElo "2174"]
[BlackElo "2128"]
[PlyCount "60"]
[EventDate "2008.07.19"]

1. d4 d5 2. e4 dxe4 3. Nc3 e5 4. Qh5 Nf6 5. Qxe5+ Be7 6. Bf4 Nc6 7. Bb5 O-O 8.
Bxc6 Bd6 9. Qg5 h6 10. Qh4 bxc6 11. Bxd6 cxd6 12. Nge2 Rb8 13. b3 Ba6 14. O-O
Qa5 15. Rfe1 Rfe8 16. Qf4 Rbd8 17. Qg3 c5 18. h3 Nh5 19. Qe3 f5 20. dxc5 f4 21.
Qd4 dxc5 22. Qa4 Qb6 23. Rad1 Qg6 24. Rxd8 Rxd8 25. Qxe4 Qf7 26. Qc6 Bb7 27.
Qxc5 Qg6 28. Qc4+ Kh8 29. g4 fxg3 30. f4 Qb6+ 0-1

[Event "C.to Italiano Semifinale"]
[Site "Saint Vincent - Chatillon ITA"]
[Date "2008.07.27"]
[Round "9"]
[White "Valsecchi, Alessio"]
[Black "Mogranzini, Roberto"]
[Result "1/2-1/2"]
[WhiteElo "2298"]
[BlackElo "2423"]
[PlyCount "99"]
[EventDate "2008.07.19"]

1. e4 c5 2. Nf3 e6 3. d4 cxd4 4. Nxd4 a6 5. Nc3 Qc7 6. Be2 Nf6 7. O-O Nc6 8.
Be3 Be7 9. f4 d6 10. Kh1 O-O 11. Qe1 Nxd4 12. Bxd4 b5 13. a3 Bb7 14. Qg3 Rad8
15. Rae1 Rd7 16. Bd3 Re8 17. e5 dxe5 18. Bxe5 Qd8 19. Qh3 g6 20. Re3 Bc5 21.
Rg3 Bf8 22. f5 exf5 23. Qxf5 Nd5 24. Ne4 Re6 25. Ng5 Rxe5 26. Qxe5 Bd6 27. Qe1
Bxg3 28. Qxg3 Qc7 29. Qh3 f6 30. Qe6+ Kg7 31. Qe8 Re7 32. Ne6+ Rxe6 33. Qxe6
Nf4 34. Rxf4 Qxf4 35. Qe7+ Kh6 36. Qf8+ Kg5 37. Qc5+ Qe5 38. Qf2 Kh6 39. Qe2
Qf4 40. Kg1 Bd5 41. c3 Qc1+ 42. Kf2 Qf4+ 43. Kg1 Kg7 44. Qf2 Qc1+ 45. Bf1 Bc4
46. Qa7+ Kh6 47. Qf2 Bxf1 48. Qxf1 Qxb2 49. Qf4+ Kg7 50. Qc7+ 1/2-1/2

[Event "C.to Italiano Qualificazione"]
[Site "Saint Vincent - Chatillon ITA"]
[Date "2008.07.19"]
[Round "1"]
[White "Caputi, Nicola"]
[Black "Cavaliere, Simone"]
[Result "1-0"]
[WhiteElo "2012"]
[BlackElo "1876"]
[PlyCount "95"]
[EventDate "2008.07.19"]

1. c4 Nf6 2. Nf3 e6 3. g3 b6 4. Bg2 Bb7 5. O-O c5 6. Nc3 Be7 7. b3 d6 8. Bb2 a6
9. Re1 O-O 10. e4 Qc7 11. d4 cxd4 12. Nxd4 Nbd7 13. Qd2 Rac8 14. Rad1 Rfe8 15.
h3 Qb8 16. Re3 Qa8 17. Qe2 Bf8 18. f4 Red8 19. g4 Nc5 20. g5 Ne8 21. h4 Qb8 22.
Qf2 Nc7 23. h5 d5 24. cxd5 exd5 25. e5 N5e6 26. Nce2 Bc5 27. Bh3 Re8 28. Qg3
Rcd8 29. g6 fxg6 30. hxg6 h6 31. Kh1 Bc8 32. Nc6 Qa8 33. Nxd8 Bxe3 34. Nf7 d4+
35. Bg2 Bb7 36. Nxd4 Bxf4 37. Bxb7 Qxb7+ 38. Qg2 Qxg2+ 39. Kxg2 Nd8 40. Nf5
Nde6 41. Rd7 b5 42. Ne7+ Kf8 43. Ba3 Bc1 44. Bd6 Nf4+ 45. Kf3 Nce6 46. Nf5+ Kg8
47. N5xh6+ gxh6 48. Nxh6+ 1-0

[Event "C.to Italiano Qualificazione"]
[Site "Saint Vincent - Chatillon ITA"]
[Date "2008.07.19"]
[Round "1"]
[White "Cardili, Mariano"]
[Black "Albanesi, Roberto"]
[Result "1/2-1/2"]
[WhiteElo "2100"]
[BlackElo "1967"]
[PlyCount "124"]
[EventDate "2008.07.19"]

1. d4 g6 2. c4 Bg7 3. Nc3 d6 4. e4 e5 5. Be3 exd4 6. Bxd4 Nf6 7. f3 Nc6 8. Be3
O-O 9. Bd3 Ne5 10. Nge2 Be6 11. b3 Nh5 12. Rc1 Qh4+ 13. Kf1 Bh3 14. Ng3 Nxd3
15. Qxd3 Be6 16. Nxh5 Qxh5 17. Nd5 c6 18. Nf4 Qe5 19. g3 f5 20. Bd4 Qxd4 21.
Qxd4 Bxd4 22. Nxe6 Bb2 23. Rc2 Rf6 24. Rxb2 Rxe6 25. exf5 gxf5 26. Re2 Re5 27.
Kf2 Kf7 28. Rd1 Ke6 29. Rd4 Re8 30. Red2 d5 31. f4 Re4 32. cxd5+ cxd5 33. Rxd5
Re7 34. Rd6+ Kf7 35. Rd7 Re2+ 36. Rxe2 Rxd7 37. Kg2 Rd6 38. Rc2 Kg6 39. Kh3 b6
40. Rc7 a5 41. Kh4 h6 42. h3 Re6 43. a3 Rd6 44. b4 a4 45. g4 Re6 46. b5 Re3 47.
Rc6+ Kg7 48. gxf5 Rxa3 49. Rxb6 Rb3 50. Kg4 h5+ 51. Kh4 a3 52. Ra6 a2 53. Kg5
Rg3+ 54. Kxh5 Rxh3+ 55. Kg4 Rb3 56. b6 Rxb6 57. Rxa2 Kf6 58. Rh2 Rb1 59. Rh6+
Kf7 60. f6 Rb5 61. f5 Rb1 62. Rg6 Rg1+ 1/2-1/2

[Event "C.to Italiano Qualificazione"]
[Site "Saint Vincent - Chatillon ITA"]
[Date "2008.07.19"]
[Round "1"]
[White "Caresana, Alessandro"]
[Black "Cavatorta, Fosco"]
[Result "0-1"]
[WhiteElo "2043"]
[BlackElo "1921"]
[PlyCount "42"]
[EventDate "2008.07.19"]

1. d4 d6 2. c4 e5 3. d5 Be7 4. e4 Bg5 5. Nc3 a5 6. Nf3 Bxc1 7. Rxc1 Ne7 8. c5
O-O 9. h4 Bg4 10. cxd6 cxd6 11. h5 Nd7 12. Be2 Nc5 13. h6 g6 14. Nd2 Nd3+ 15.
Kf1 Qb6 16. Bxd3 Bxd1 17. Nc4 Qc5 18. Rxd1 f5 19. Rh3 Rad8 20. b3 b5 21. Nxb5
fxe4 0-1

[Event "C.to Italiano Qualificazione"]
[Site "Saint Vincent - Chatillon ITA"]
[Date "2008.07.19"]
[Round "1"]
[White "Castellano, Alfonso"]
[Black "Parodi, Alessandro"]
[Result "1/2-1/2"]
[WhiteElo "1926"]
[BlackElo "2053"]
[PlyCount "41"]
[EventDate "2008.07.19"]

1. c4 g6 2. Nc3 Bg7 3. g3 d6 4. Bg2 e5 5. e4 Ne7 6. Nge2 O-O 7. O-O Nbc6 8. d3
Be6 9. Nd5 h6 10. Be3 Nd4 11. Nxd4 exd4 12. Bd2 c6 13. Nb4 d5 14. cxd5 cxd5 15.
exd5 Nxd5 16. Qf3 Nxb4 17. Bxb4 Re8 18. Ba3 Rb8 19. Rfe1 b5 20. Bc5 Qd7 21. b4
1/2-1/2

[Event "C.to Italiano Qualificazione"]
[Site "Saint Vincent - Chatillon ITA"]
[Date "2008.07.19"]
[Round "1"]
[White "Cornaggia, Ranieri"]
[Black "Tomio, Dante"]
[Result "1-0"]
[WhiteElo "1788"]
[BlackElo "1968"]
[PlyCount "127"]
[EventDate "2008.07.19"]

1. e4 c5 2. Nf3 d6 3. d4 cxd4 4. Nxd4 Nf6 5. Nc3 e6 6. Be3 a6 7. f3 b5 8. a3
Nbd7 9. Qd2 Bb7 10. Nb3 Be7 11. Be2 Rc8 12. O-O-O O-O 13. g4 Ne5 14. h4 Qc7 15.
Kb1 Nc4 16. Bxc4 Qxc4 17. Na5 Qc7 18. Nxb7 Qxb7 19. h5 b4 20. axb4 Qxb4 21. g5
Rb8 22. b3 Nd7 23. g6 Ne5 24. gxh7+ Kxh7 25. Qd4 Qxd4 26. Rxd4 Nxf3 27. Ra4 Bf6
28. Ne2 Rfc8 29. h6 g6 30. Rf1 Bg5 31. Rxf3 Bxe3 32. Rxe3 Kxh6 33. Rxa6 Rd8 34.
Nd4 Rb7 35. c4 Kg5 36. Nc6 Rdd7 37. b4 Kf4 38. Re1 g5 39. b5 g4 40. Ra3 Rdc7
41. Kc2 f5 42. exf5 exf5 43. Rd3 Rd7 44. Nb4 Kg5 45. Nd5 f4 46. Rg1 g3 47.
Rgxg3+ fxg3 48. Rxg3+ Kf5 49. Re3 Rg7 50. Kb3 Rg1 51. Kb4 Rb1+ 52. Rb3 Rxb3+
53. Kxb3 Ke5 54. Kb4 Kd4 55. b6 Rb8 56. Kb5 Ra8 57. Nb4 Kc3 58. Na6 Kd4 59. b7
Rd8 60. b8=Q Rxb8+ 61. Nxb8 Kc3 62. Nd7 Kd4 63. Nb6 Ke5 64. Kc6 1-0

[Event "C.to Italiano Qualificazione"]
[Site "Saint Vincent - Chatillon ITA"]
[Date "2008.07.19"]
[Round "1"]
[White "Crea, Vincenzo"]
[Black "Bussa, Paolo"]
[Result "1-0"]
[WhiteElo "2030"]
[BlackElo "1912"]
[PlyCount "105"]
[EventDate "2008.07.19"]

1. d4 Nf6 2. Nf3 e6 3. Bf4 b6 4. e3 Bb7 5. c3 Be7 6. h3 d5 7. Bd3 Nbd7 8. Nbd2
c5 9. O-O O-O 10. Qe2 c4 11. Bc2 b5 12. Ne5 a5 13. Qf3 Nb6 14. g4 b4 15. g5 Ne4
16. Nxe4 dxe4 17. Qg4 Bd5 18. h4 f6 19. gxf6 Bxf6 20. f3 Qe7 21. fxe4 Bxe5 22.
Bxe5 Bb7 23. Qg3 Rxf1+ 24. Rxf1 Rf8 25. Rxf8+ Qxf8 26. Bd6 Qa8 27. Qe5 Qe8 28.
cxb4 axb4 29. Bxb4 Qg6+ 30. Qg5 Bxe4 31. Qxg6 Bxg6 32. Bxg6 hxg6 33. Kf2 Kf7
34. Kf3 Kf6 35. e4 Na4 36. Bc3 Kf7 37. Kf4 Nb6 38. Ke5 Ke7 39. d5 exd5 40. exd5
Nd7+ 41. Kd4 Nb6 42. Kc5 Nd7+ 43. Kxc4 Nf6 44. Bxf6+ gxf6 45. a4 g5 46. hxg5
fxg5 47. a5 g4 48. Kd4 Kd6 49. a6 Kc7 50. a7 Kb7 51. d6 g3 52. a8=Q+ Kxa8 53.
d7 1-0

[Event "C.to Italiano Qualificazione"]
[Site "Saint Vincent - Chatillon ITA"]
[Date "2008.07.19"]
[Round "1"]
[White "Innocenti, Luca"]
[Black "Brioschi, Camillo"]
[Result "1/2-1/2"]
[WhiteElo "2071"]
[BlackElo "1929"]
[PlyCount "82"]
[EventDate "2008.07.19"]

1. c4 g6 2. Nc3 Bg7 3. g3 c5 4. Bg2 Nc6 5. e3 e6 6. Nge2 Nge7 7. d4 cxd4 8.
exd4 d6 9. O-O O-O 10. d5 exd5 11. Nxd5 Nxd5 12. Bxd5 Nb4 13. Bf3 Bf5 14. Bd2
Qb6 15. Bc3 Rad8 16. Bxg7 Kxg7 17. b3 Rfe8 18. Qd4+ Qxd4 19. Nxd4 Be4 20. a3
Nc6 21. Nxc6 bxc6 22. Bxe4 Rxe4 23. Rfe1 Rxe1+ 24. Rxe1 Kf6 25. f4 a5 26. Kf2
Rb8 27. Re3 c5 28. Ke2 a4 29. bxa4 Ra8 30. Kd2 Rxa4 31. Rc3 Ke6 32. Kc2 d5 33.
Kb3 Ra7 34. Re3+ Kd6 35. cxd5 Kxd5 36. Rd3+ Ke4 37. Rd8 Kf3 38. Rc8 Kg2 39.
Rxc5 Kxh2 40. Rc3 h5 41. a4 f6 1/2-1/2

[Event "C.to Italiano Qualificazione"]
[Site "Saint Vincent - Chatillon ITA"]
[Date "2008.07.19"]
[Round "1"]
[White "Malano, Francesco"]
[Black "Pegoraro, Nicola"]
[Result "1-0"]
[WhiteElo "1898"]
[BlackElo "2021"]
[PlyCount "71"]
[EventDate "2008.07.19"]

1. Nf3 f5 2. e4 d6 3. Nc3 Nf6 4. d3 Nc6 5. g3 e5 6. Bg2 Be7 7. Be3 O-O 8. h3
Qe8 9. Qe2 Kh8 10. O-O-O a6 11. Kb1 b5 12. exf5 Bxf5 13. g4 Be6 14. Qd2 Rd8 15.
Ng5 Bg8 16. f4 b4 17. Ne2 Nd5 18. f5 Nxe3 19. Qxe3 Bxg5 20. Qxg5 Qf7 21. b3 Ne7
22. Rde1 Qf6 23. Qxf6 gxf6 24. Kb2 Bd5 25. Bxd5 Nxd5 26. c4 bxc3+ 27. Nxc3 Nf4
28. Kc2 d5 29. Rh2 Kg7 30. Ne2 Nxe2 31. Rhxe2 h5 32. gxh5 Kh6 33. Rg2 Rd6 34.
Reg1 Kxh5 35. Kd2 Rf7 36. Rg8 1-0

[Event "C.to Italiano Qualificazione"]
[Site "Saint Vincent - Chatillon ITA"]
[Date "2008.07.19"]
[Round "1"]
[White "Mazzetta, Renato"]
[Black "Barletta, Antonio"]
[Result "1/2-1/2"]
[WhiteElo "1919"]
[BlackElo "2032"]
[PlyCount "51"]
[EventDate "2008.07.19"]

1. e4 e5 2. Nc3 Nf6 3. g3 Nc6 4. Bg2 Bc5 5. d3 d6 6. h3 a6 7. Nge2 Be6 8. Nd5
Bxd5 9. exd5 Ne7 10. c4 Nf5 11. Nc3 O-O 12. Ne4 Nxe4 13. dxe4 Bb4+ 14. Bd2
Bxd2+ 15. Qxd2 Nd4 16. O-O c5 17. f4 f6 18. fxe5 fxe5 19. Rxf8+ Qxf8 20. Rf1
Qe7 21. h4 b5 22. cxb5 axb5 23. a3 h6 24. Bh3 Ra4 25. Qd1 Ra8 26. Bf5 1/2-1/2

[Event "C.to Italiano Qualificazione"]
[Site "Saint Vincent - Chatillon ITA"]
[Date "2008.07.19"]
[Round "1"]
[White "Rotoni, Matteo"]
[Black "De Francisci, Luigi"]
[Result "1-0"]
[WhiteElo "2089"]
[BlackElo "1949"]
[PlyCount "76"]
[EventDate "2008.07.19"]

1. e4 a6 2. d4 b5 3. Nf3 Bb7 4. Bd3 e6 5. O-O c5 6. c3 Nf6 7. Re1 c4 8. Bc2 d6
9. Nbd2 Nbd7 10. b3 cxb3 11. axb3 Be7 12. c4 Rc8 13. Bb2 Nb6 14. Bd3 b4 15. e5
dxe5 16. Nxe5 Nbd7 17. f4 Nxe5 18. fxe5 Nd7 19. Qg4 g6 20. d5 Nc5 21. Bc2 O-O
22. d6 Bh4 23. Rf1 Qg5 24. Qxg5 Bxg5 25. Nf3 Bh6 26. Bd4 Nd7 27. Ra4 Bg7 28.
Rxb4 Bxf3 29. gxf3 Bxe5 30. Bxe5 Nxe5 31. Rb6 a5 32. Rb5 Nc6 33. Rd1 f5 34. f4
Rfd8 35. c5 Rb8 36. Bd3 Nd4 37. Rxb8 Rxb8 38. Bc4 Nxb3 1-0

[Event "C.to Italiano Qualificazione"]
[Site "Saint Vincent - Chatillon ITA"]
[Date "2008.07.19"]
[Round "1"]
[White "Sorbelli, Massimo"]
[Black "Chiarotto, Filippo"]
[Result "0-1"]
[WhiteElo "1961"]
[BlackElo "2096"]
[PlyCount "136"]
[EventDate "2008.07.19"]

1. d4 Nf6 2. c4 e6 3. Nc3 Nc6 4. Nf3 d6 5. e4 g6 6. Bd2 Bg7 7. Be2 O-O 8. O-O
e5 9. dxe5 Nxe5 10. Nxe5 dxe5 11. Be3 Qe7 12. Nd5 Nxd5 13. cxd5 f5 14. f3 Rd8
15. Qc2 c6 16. dxc6 bxc6 17. Qxc6 Bb7 18. Qc4+ Kh8 19. exf5 gxf5 20. Rfd1 e4
21. Qb3 a5 22. Qb6 exf3 23. Bxf3 Bxf3 24. gxf3 Rdb8 25. Qc5 Qxc5 26. Bxc5 Rxb2
27. Bd4 Bxd4+ 28. Rxd4 Rg8+ 29. Kh1 Rgg2 30. Rh4 Kg7 31. a4 Kg6 32. Rd1 h5 33.
f4 Rgd2 34. Rc1 Ra2 35. Rc6+ Kf7 36. Rc1 Rxa4 37. Rxh5 Rxf4 38. Rh6 Rd8 39. Ra6
a4 40. Rc3 Rf2 41. Kg1 Ra2 42. Rf3 Rd1+ 43. Rf1 Rxf1+ 44. Kxf1 Rxh2 45. Rxa4
Kf6 46. Kg1 Rb2 47. Ra8 Kg5 48. Rg8+ Kf4 49. Rf8 Kg4 50. Rg8+ Kf3 51. Kh1 f4
52. Rg7 Ke3 53. Re7+ Kf2 54. Rg7 f3 55. Rf7 Rb4 56. Rh7 Rg4 57. Kh2 Kf1 58. Rf7
Rg2+ 59. Kh1 Rg1+ 60. Kh2 f2 61. Re7 Rg8 62. Rh7 Re8 63. Ra7 Ke2 64. Ra2+ Kf3
65. Ra3+ Re3 66. Ra1 Re1 67. Ra3+ Ke4 68. Ra4+ Kd5 0-1

[Event "C.to Italiano Qualificazione"]
[Site "Saint Vincent - Chatillon ITA"]
[Date "2008.07.21"]
[Round "2"]
[White "Albanesi, Roberto"]
[Black "Innocenti, Luca"]
[Result "1/2-1/2"]
[WhiteElo "1967"]
[BlackElo "2071"]
[PlyCount "43"]
[EventDate "2008.07.19"]

1. e4 e6 2. d3 b6 3. g3 Bb7 4. Bg2 f5 5. Nh3 Nf6 6. Qe2 Be7 7. O-O O-O 8. Re1
fxe4 9. dxe4 Ba6 10. c4 e5 11. b3 Nc6 12. Bb2 Bc5 13. Nc3 Bd4 14. Rad1 d6 15.
Kh1 Bc8 16. f3 h6 17. Nf2 Ng4 18. Nxg4 Bxg4 19. Rf1 Bh5 20. Qd2 Qd7 21. Ne2
Bxb2 22. Qxb2 1/2-1/2